Pokemon knowledge - Statistics

General Stats
  • This quiz has been taken 35 times
  • The average score is 9 of 12
Answer Stats
Question Answer % Correct
How many Pokemon are there? 1025
96%
How many generations are there? 9
88%
What Pokemon is the Pokemon God? Arceus
84%
Which Pokemon is not in generation 1? Scizor
84%
Who is the protagonist in the Pokemon anime? Ash Ketchum
80%
What type was introduced in generation 6? Fairy
76%
What generation is Pokemon Legends Arceus? 8
72%
What Pokemon is the Pokemon Satan? Giratina
72%
What is generation 6 called? Kalos
72%
When were Pokemon Red & Green released? February 27th, 1996.
68%
What is the DLC for Pokemon Scarlet & Violet called? Teal Mask
56%
What is Pokemon number 289? Slaking
40%
No matching quizzes found
Score Distribution
Percent of People with Each Score
Percentile by Number Answered
Your Score History
You have not taken this quiz